Normal view
MARC view
Entry Topical Term
001 - CONTROL NUMBER
- control field: 1284
003 - CONTROL NUMBER IDENTIFIER
- control field: ARRUPE
005 - DATE AND TIME OF LATEST TRANSACTION
- control field: 20130925165038.0
008 - FIXED-LENGTH DATA ELEMENTS
- fixed length control field: 130925|| aca||aabn | a|a d
040 ## - CATALOGING SOURCE
- Original cataloging agency: ARRUPE
- Transcribing agency: ARRUPE
150 ## - HEADING--TOPICAL TERM
- Topical term or geographic name as entry element: Sacraments.
670 ## - SOURCE DATA FOUND
- Source citation: Work cat.: (ARRUPE)0: Bouyer, Louis, 1913-2004. 1281, The Word, church, and sacraments in Protestantism and Catholicism., 1961.